000 00276nam a22001217a 4500
008 170413b xxu||||| |||| 00| 0 eng d
041 _aeng
080 _a618
100 _a10
101 _aSHM
245 _aCLINICAL OBSTETRICS AND GYNECOLOGY
_cEVANS.M.I
942 _2udc
_cBK
999 _c10593
_d10593